[Event "Lvov Ukrainian Chess Warriors"]
[Site "Lvov"]
[Date "2024.03.15"]
[Round "8"]
[White "Bykovskiy, Oleg"]
[Black "Tarleva, Vira"]
[Result "0-1"]
[WhiteElo "2231"]
[BlackElo "2030"]
[PlyCount "68"]
[EventDate "2024.03.15"]
[EventType "swiss (rapid)"]
[EventRounds "8"]
[EventCountry "UKR"]
[SourceTitle "CB12_2024"]
[SourceDate "2023.10.01"]
[SourceVersion "1"]
[SourceVersionDate "2023.10.01"]
[SourceQuality "1"]

1. e4 c5 2. Nf3 d6 3. d4 cxd4 4. Nxd4 Nf6 5. Nc3 Nc6 6. Bg5 e6 7. Qd2 a6 8. 0-0-0 Bd7 9. Kb1 b5 10. Nxc6 Bxc6 11. Qe3 Be7 12. f4 Qc7 13. Bxf6 gxf6 14. f5 b4 15. Ne2 e5 16. Ng3 Rc8 17. Bxa6 Ra8 18. Bc4 Ba4 19. Bb3 Bc6 20. Qd3 0-0 21. Nh5 Kh8 22. Qe3 Ba4 23. Qh6 Rg8 24. Nxf6 Rg7 25. Nd5 Qa7 26. Bc4 Bxc2+ 27. Kxc2 Rxg2+ 28. Rd2 Bg5 29. Rxg2 Bxh6 30. Rhg1 Qd4 31. Nf6 Qxc4+ 32. Kb1 Qxa2+ 33. Kc2 Rc8+ 34. Kd3 Qc4# 0-1

[Event "Titled Tuesday intern op 05th Sep Early"]
[Site "Chess.com INT"]
[Date "2023.09.05"]
[Round "4"]
[White "Bykovskiy, Oleg"]
[Black "Andrews, Todd D"]
[Result "0-1"]
[WhiteElo "2225"]
[BlackElo "2149"]
[PlyCount "52"]
[EventDate "2023.09.05"]
[EventType "swiss (blitz)"]
[EventRounds "11"]
[EventCountry "USA"]
[SourceTitle "EXT 2024"]
[Source "ChessBase"]
[SourceDate "2023.10.10"]
[SourceVersion "1"]
[SourceVersionDate "2023.10.10"]
[SourceQuality "1"]

1. e4 c5 2. Be2 d6 3. f4 Nc6 4. Nf3 g6 5. 0-0 Bg7 6. c3 Nf6 7. d3 0-0 8. Kh1 d5 9. e5 Ng4 10. d4 b6 11. h3 Nh6 12. g4 f6 13. Be3 fxe5 14. fxe5 e6 15. Na3 a6 16. Qd2 Nf7 17. h4 Bb7 18. Kh2 Nfxe5 19. dxe5 Nxe5 20. Bg5 Qd6 21. Kh3 d4 22. Nxe5 Qxe5 23. Nc4 Qd5 24. Rg1 Rf2 25. Nxb6 Qd6 26. Rg3 Qxb6 0-1

[Event "Malakhatko Memorial op"]
[Site "Chess.com INT"]
[Date "2023.06.14"]
[Round "4"]
[White "Bykovskiy, Oleg"]
[Black "Kuzhilniy, Oleksandr"]
[Result "1-0"]
[WhiteElo "2225"]
[BlackElo "2220"]
[PlyCount "80"]
[EventDate "2023.06.14"]
[EventType "swiss (blitz)"]
[EventRounds "11"]
[EventCountry "USA"]
[SourceTitle "CBM 214 Extra"]
[Source "ChessBase"]
[SourceDate "2023.07.31"]
[SourceVersion "1"]
[SourceVersionDate "2023.07.31"]
[SourceQuality "1"]

1. e4 c5 2. Nf3 d6 3. d4 cxd4 4. Nxd4 Nf6 5. Nc3 Nc6 6. Bg5 e6 7. Qd2 a6 8. 0-0-0 Bd7 9. f4 Be7 10. Nxc6 Bxc6 11. Bxf6 Bxf6 12. Qe1 Qa5 13. Rxd6 Bxc3 14. Qxc3 Qxc3 15. bxc3 Bxe4 16. Bd3 Ke7 17. Rd4 Bxg2 18. Rg1 Bc6 19. Rxg7 Rag8 20. Rxg8 Rxg8 21. Bxh7 Rh8 22. Be4 Bxe4 23. Rxe4 Rxh2 24. Rb4 b5 25. c4 Rf2 26. cxb5 axb5 27. Kb2 Kd6 28. Rxb5 Rxf4 29. Kb3 f5 30. a4 Rf1 31. Kb2 f4 32. a5 f3 33. Rb7 e5 34. a6 f2 35. Rf7 Ke6 36. Rf8 Rh1 37. a7 f1Q 38. Rxf1 Rxf1 39. a8Q Rf7 40. Qc6+ Kf5 1-0

[Event "Malakhatko Memorial op"]
[Site "Chess.com INT"]
[Date "2023.06.14"]
[Round "11"]
[White "Bykovskiy, Oleg"]
[Black "Vlassov, Nikolai"]
[Result "1-0"]
[WhiteElo "2225"]
[BlackElo "2283"]
[PlyCount "143"]
[EventDate "2023.06.14"]
[EventType "swiss (blitz)"]
[EventRounds "11"]
[EventCountry "USA"]
[SourceTitle "CBM 214 Extra"]
[Source "ChessBase"]
[SourceDate "2023.07.31"]
[SourceVersion "1"]
[SourceVersionDate "2023.07.31"]
[SourceQuality "1"]

1. e4 c5 2. Nf3 d6 3. d4 cxd4 4. Nxd4 Nf6 5. Nc3 a6 6. h3 g6 7. g4 Bg7 8. Bg2 0-0 9. Be3 Nc6 10. 0-0 Ne5 11. Qe2 Qc7 12. f4 Nc6 13. Rad1 Nxd4 14. Bxd4 e5 15. fxe5 dxe5 16. Be3 Be6 17. Nd5 Bxd5 18. exd5 Rac8 19. d6 Qxc2 20. Qxc2 Rxc2 21. Bg5 Nd7 22. Bxb7 f6 23. Bd2 Rb8 24. Bd5+ Kf8 25. Bc3 Ke8 26. Rfe1 Bf8 27. Bb3 Rxc3 28. bxc3 Rb6 29. Ba4 Bxd6 30. Rd5 Ke7 31. Bxd7 Kxd7 32. Red1 Ke6 33. c4 Rc6 34. Ra5 Bb4 35. Ra4 a5 36. a3 Bc5+ 37. Kg2 Bb6 38. Kf3 f5 39. gxf5+ gxf5 40. Rb1 e4+ 41. Ke2 Ke5 42. Rb5+ Kf4 43. c5 Bc7 44. Rc4 Ke5 45. Rc2 f4 46. Rd2 Rg6 47. c6+ Ke6 48. Rd7 Be5 49. Rxe5+ Kxe5 50. c7 Rc6 51. Re7+ Kf5 52. Rf7+ Kg5 53. Rxh7 Rc2+ 54. Kd1 Rc3 55. Kd2 Rc4 56. Rg7+ Kf5 57. Rf7+ Ke5 58. h4 e3+ 59. Kd3 Rc6 60. h5 Rd6+ 61. Ke2 Rd2+ 62. Ke1 Rc2 63. h6 Ke4 64. h7 Kf3 65. Rxf4+ Kxf4 66. h8Q Rc1+ 67. Ke2 Rc2+ 68. Kd1 e2+ 69. Ke1 Rxc7 70. Qh2+ Ke3 71. Qxc7 Kd4 72. Qxa5 1-0

[Event "Lvov Buturina Memorial 2nd"]
[Site "Lvov"]
[Date "2022.11.19"]
[Round "4"]
[White "Bykovskiy, Oleg"]
[Black "Durnev, Vladimir"]
[Result "1-0"]
[WhiteElo "2207"]
[BlackElo "1785"]
[PlyCount "91"]
[EventDate "2022.11.18"]
[EventType "swiss (rapid)"]
[EventRounds "9"]
[EventCountry "UKR"]
[SourceTitle "CBM 212 Extra"]
[Source "ChessBase"]
[SourceDate "2023.03.31"]
[SourceVersion "1"]
[SourceVersionDate "2023.03.31"]
[SourceQuality "1"]

1. e4 c6 2. d4 d5 3. e5 Bf5 4. h4 h6 5. g4 Bc8 6. c4 e6 7. Nc3 Be7 8. Nf3 Nd7 9. b3 Nf8 10. Qc2 Ng6 11. h5 Nh4 12. Nxh4 Bxh4 13. Be3 Bg5 14. f4 Bh4+ 15. Kd2 Be7 16. a3 Bd7 17. c5 Bf8 18. Bd3 Ne7 19. f5 f6 20. exf6 gxf6 21. Rhf1 exf5 22. Rae1 Kf7 23. gxf5 Qc8 24. Kc1 Rg8 25. Rf3 b6 26. Ref1 b5 27. Ne2 a5 28. Nf4 Rg5 29. Ng6 Rxh5 30. Qg2 Nxf5 31. Nh8+ Ke7 32. Qg6 Qe8 33. Bxf5 Bxf5 34. Rxf5 Rxf5 35. Qxf5 Bg7 36. Ng6+ Kd8 37. Re1 Qd7 38. Nh4 Qxf5 39. Nxf5 Bf8 40. Kd2 a4 41. b4 Ra7 42. Bf4 h5 43. Rg1 Rf7 44. Rg8 Kd7 45. Rh8 Ke6 46. Rxh5 1-0

[Event "Vinnytsia Winter IM"]
[Site "Vinnytsia"]
[Date "2022.01.06"]
[Round "8"]
[White "Bykovskiy, Oleg"]
[Black "Itkis, Boris"]
[Result "0-1"]
[WhiteElo "2199"]
[BlackElo "2343"]
[PlyCount "138"]
[EventDate "2022.01.02"]
[EventType "tourn"]
[EventRounds "9"]
[EventCountry "UKR"]
[SourceTitle "EXT 2023"]
[Source "ChessBase"]
[SourceDate "2022.10.05"]
[SourceVersion "1"]
[SourceVersionDate "2022.10.05"]
[SourceQuality "1"]

1. e4 c5 2. Nf3 d6 3. c4 Bg4 4. Nc3 Nc6 5. b3 g6 6. Bb2 Bg7 7. h3 Bxf3 8. gxf3 Nf6 9. d3 Nh5 10. Qd2 Nd4 11. Be2 Be5 12. Nd5 Nxe2 13. Qxe2 e6 14. Nc3 Qf6 15. Kd2 Nf4 16. Qd1 a6 17. Kc2 b5 18. Rb1 0-0 19. Ne2 d5 20. Nxf4 Qxf4 21. Qd2 Qf6 22. Bxe5 Qxe5 23. f4 Qf6 24. Rhd1 Rfd8 25. Qe3 Rab8 26. Rd2 dxc4 27. dxc4 Rxd2+ 28. Qxd2 Rd8 29. Qe3 bxc4 30. bxc4 Rd4 31. Rb8+ Kg7 32. Kb3 Qe7 33. Kc3 Qc7 34. Rb3 Qa5+ 35. Kb2 Rd2+ 36. Kc1 Qxa2 37. Qxd2 Qxb3 38. Qe2 Qxh3 39. Qb2+ Kh6 40. Qe5 Qf1+ 41. Kb2 Qxf2+ 42. Ka3 f5 43. exf5 exf5 44. Qc7 Qd4 45. Qf7 Qxf4 46. Qf8+ Kh5 47. Qxc5 g5 48. Qd5 Qe3+ 49. Ka4 Qe8+ 50. Ka5 Qe4 51. Qf7+ Kg4 52. Kb6 h5 53. Qd5 Qxd5 54. cxd5 h4 55. d6 h3 56. d7 h2 57. d8Q h1Q 58. Qd4+ f4 59. Kxa6 Qf1+ 60. Ka5 Kg3 61. Qe4 g4 62. Qe5 Qc1 63. Qd6 Kg2 64. Qd7 g3 65. Qd5+ f3 66. Qe4 Qc3+ 67. Ka4 Kf2 68. Qh4 Qc6+ 69. Ka5 Kg2 0-1

[Event "Vinnytsia Winter IM"]
[Site "Vinnytsia"]
[Date "2022.01.02"]
[Round "1"]
[White "Bykovskiy, Oleg"]
[Black "Sedlov, Aleksei"]
[Result "1-0"]
[WhiteElo "2199"]
[BlackElo "1787"]
[PlyCount "89"]
[EventDate "2022.01.02"]
[EventType "tourn"]
[EventRounds "9"]
[EventCountry "UKR"]
[SourceTitle "EXT 2023"]
[Source "ChessBase"]
[SourceDate "2022.10.05"]
[SourceVersion "1"]
[SourceVersionDate "2022.10.05"]
[SourceQuality "1"]

1. b3 d5 2. Bb2 Nf6 3. g3 Bf5 4. Bg2 e6 5. d3 Nbd7 6. Nd2 c6 7. Ngf3 h6 8. 0-0 Be7 9. e4 dxe4 10. dxe4 Bg4 11. e5 Nd5 12. Ne4 Qc7 13. Nd6+ Kf8 14. c4 N5b6 15. Qd4 Bxf3 16. Bxf3 Nxe5 17. Qxe5 Bf6 18. Qc5 Bxb2 19. Nxb7+ Qe7 20. Qxe7+ Kxe7 21. Rab1 Bd4 22. Na5 Rac8 23. Nxc6+ Rxc6 24. Bxc6 e5 25. Rfc1 Rc8 26. c5 Nd7 27. Bxd7 Kxd7 28. b4 a6 29. a4 Rc6 30. b5 axb5 31. axb5 Rxc5 32. Rxc5 Bxc5 33. b6 Bd6 34. b7 Bb8 35. Rc1 Bc7 36. g4 f6 37. Kg2 e4 38. Rc4 Kd6 39. h4 g6 40. Rxe4 Kc6 41. Re6+ Kxb7 42. Rxf6 g5 43. Rxh6 Bd8 44. Rh8 Bf6 45. Rf8 1-0

[Event "Vinnytsia IM"]
[Site "Vinnytsia"]
[Date "2021.10.30"]
[Round "7"]
[White "Martinovici, Ilie"]
[Black "Bykovskiy, Oleg"]
[Result "1-0"]
[WhiteElo "2404"]
[BlackElo "2262"]
[PlyCount "91"]
[EventDate "2021.10.26"]
[EventType "tourn"]
[EventRounds "9"]
[EventCountry "UKR"]
[EventCategory "3"]
[SourceTitle "CBM 204 Extra"]
[Source "ChessBase"]
[SourceDate "2021.11.30"]
[SourceVersion "1"]
[SourceVersionDate "2021.11.30"]
[SourceQuality "1"]

1. d4 Nf6 2. c4 e6 3. Nc3 Bb4 4. Qc2 0-0 5. a3 Bxc3+ 6. Qxc3 Ne4 7. Qc2 f5 8. g3 b6 9. Bg2 Bb7 10. Nf3 Nc6 11. 0-0 d5 12. Rd1 Rc8 13. b4 dxc4 14. Qxc4 Qd5 15. Qxd5 exd5 16. Bf4 a5 17. b5 Na7 18. a4 c6 19. bxc6 Rxc6 20. Rdb1 Nc8 21. Rb2 Rc4 22. e3 Rc3 23. Be5 g5 24. h4 g4 25. Ng5 Re8 26. Nxe4 dxe4 27. Bf1 Re6 28. Bb5 Bc6 29. Ba6 Bd7 30. Rbb1 Kf7 31. Bb7 Ne7 32. Bf4 Rf6 33. h5 Nc6 34. d5 Nb4 35. Be5 Rc2 36. Bxf6 Kxf6 37. Bc6 Bxc6 38. dxc6 Rxc6 39. Rc1 Re6 40. Rc7 h6 41. Kg2 Rd6 42. Rh7 Ke5 43. Rc1 Nd3 44. Rb1 Nc5 45. Rb5 Kd5 46. Rb7 1-0

[Event "Vinnytsia IM"]
[Site "Vinnytsia"]
[Date "2021.10.28"]
[Round "5"]
[White "Ceres, Dragos"]
[Black "Bykovskiy, Oleg"]
[Result "1-0"]
[WhiteElo "2372"]
[BlackElo "2262"]
[PlyCount "73"]
[EventDate "2021.10.26"]
[EventType "tourn"]
[EventRounds "9"]
[EventCountry "UKR"]
[EventCategory "3"]
[SourceTitle "CBM 204 Extra"]
[Source "ChessBase"]
[SourceDate "2021.11.30"]
[SourceVersion "1"]
[SourceVersionDate "2021.11.30"]
[SourceQuality "1"]

1. e4 e5 2. Nf3 Nf6 3. Nxe5 d6 4. Nf3 Nxe4 5. c4 c6 6. Nc3 Nf6 7. d4 Be7 8. Bd3 d5 9. h3 0-0 10. 0-0 dxc4 11. Bxc4 Nbd7 12. Bg5 Nb6 13. Bb3 h6 14. Bh4 Nfd5 15. Bxe7 Nxe7 16. Re1 Nbd5 17. Ne5 Be6 18. Ne4 Nf4 19. Nc5 Ned5 20. Qf3 Bc8 21. Re4 Ne6 22. Nxe6 Bxe6 23. Rae1 Nf6 24. Rh4 Bd5 25. Qg3 Kh8 26. Bc2 Qa5 27. Qe3 Kg8 28. a3 Rfe8 29. b4 Qc7 30. Qg3 h5 31. Rf4 Re6 32. Re3 b6 33. Qg5 c5 34. Rg3 Ne8 35. Qxh5 cxd4 36. Bh7+ Kf8 37. Rxf7+ 1-0

[Event "Kiev Spring op"]
[Site "Kiev"]
[Date "2021.07.17"]
[Round "9"]
[White "Kislinsky, Alexey"]
[Black "Bykovskiy, Oleg"]
[Result "0-1"]
[WhiteElo "2404"]
[BlackElo "2246"]
[PlyCount "72"]
[EventDate "2021.07.10"]
[EventType "swiss"]
[EventRounds "9"]
[EventCountry "UKR"]
[SourceTitle "CBM 203 Extra"]
[Source "ChessBase"]
[SourceDate "2021.09.30"]
[SourceVersion "1"]
[SourceVersionDate "2021.09.30"]
[SourceQuality "1"]

1. e4 e6 2. d3 d5 3. Nd2 c5 4. Ngf3 Nc6 5. g3 g6 6. Bg2 Bg7 7. 0-0 Nf6 8. Re1 0-0 9. c3 a5 10. a4 b6 11. Nb1 Ba6 12. e5 Nd7 13. Bf4 f6 14. exf6 Qxf6 15. Qd2 e5 16. Bg5 Qf7 17. Na3 Bxd3 18. Qxd3 e4 19. Qd2 exf3 20. Bh3 Nde5 21. Nb5 Rad8 22. Bxd8 Rxd8 23. Rad1 d4 24. cxd4 cxd4 25. Rc1 Qf8 26. Nc7 Bh6 27. Qd1 Bxc1 28. Ne6 Qh6 29. Bf1 Rd6 30. Qb3 Kh8 31. Re4 d3 32. Rh4 Qxh4 33. gxh4 d2 34. Qd1 Rxe6 35. h3 Nd4 36. Kh2 Ng4+ 0-1